Dielectric behaviour of biological molecules in solution (Record no. 32010)

MARC details
000 -LEADER
fixed length control field 00447nam a2200157Ia 4500
082 ## - DEWEY DECIMAL CLASSIFICATION NUMBER
Classification number 577.2:577.3
Item number GRA
100 ## - MAIN ENTRY--AUTHOR NAME
Personal name GRANT, E H
245 #0 - TITLE STATEMENT
Title Dielectric behaviour of biological molecules in solution
260 ## - PUBLICATION, DISTRIBUTION, ETC. (IMPRINT)
Place of publication Oxford
Name of publisher Clarendon
Year of publication 1978
490 ## - SERIES STATEMENT
Series statement Monographs on physical biochemistry
650 ## - SUBJECT ADDED ENTRY--TOPICAL TERM
Topical Term Biophysics
650 ## - SUBJECT ADDED ENTRY--TOPICAL TERM
Topical Term Dielectric theory
650 ## - SUBJECT ADDED ENTRY--TOPICAL TERM
Topical Term Molecular biology
942 ## - ADDED ENTRY ELEMENTS (KOHA)
Koha item type Books
Holdings
Withdrawn status Lost status Damaged status Not for loan Home library Current library Date acquired Full call number Accession Number Koha item type
        RRII Library RRII Library 16/12/2021 577.2:577.3 GRA 12536 Books